Pintura valenciana del siglo XVII (Record no. 63158)

MARC details
000 -LEADER
campo de control de longitud fija 00650nam a2200169 i 4500
001 - NÚMERO DE CONTROL
campo de control 63158
003 - IDENTIFICADOR DE NÚMERO DE CONTROL
campo de control ES-MaACL
005 - FECHA Y HORA DE LA ÚLTIMA TRANSACCIÓN
campo de control 20230906164810.0
007 - CAMPO FIJO DE DESCRIPCIÓN FÍSICA--INFORMACIÓN GENERAL
campo de control de longitud fija t|
008 - DATOS DE LONGITUD FIJA--INFORMACIÓN GENERAL
campo de control de longitud fija 031201s1948 sp ||||1| spa d
100 1# - ENTRADA PRINCIPAL--NOMBRE DE PERSONA
Nombre de persona Ferrán Salvador, Vicente.
9 (RLIN) 50248
245 10 - MENCIÓN DEL TÍTULO
Título Pintura valenciana del siglo XVII
Resto del título : dos evangelistas de Jerónimo Jacinto de Espinosa /
Mención de responsabilidad, etc. Vicente Ferrán Salvador.
260 ## - PUBLICACIÓN, DISTRIBUCIÓN, ETC.
Lugar de publicación, distribución, etc. Castellón :
Nombre del editor, distribuidor, etc. [s.n.,
Fecha de publicación, distribución, etc. 1948] (
Fabricante Hijos de F. Armengot)
300 ## - DESCRIPCIÓN FÍSICA
Extensión 12 p. ;
Dimensiones 21 cm.
500 ## - NOTA GENERAL
Nota general Es tirada aparte del Boletín de la Sociedad Castellonense de Cultura, t. XXV, cuaderno 1, enero-marzo 1949.
852 ## - LOCALIZACIÓN
Ubicación ES-MaACL
Número de control de estantería 1492-F-10
Sublocalización o colección R.26295
Holdings
Estatus retirado Estado de pérdida Estado de daño No para préstamo Colección Biblioteca de origen Biblioteca actual Ubicación en estantería Fecha de adquisición Fuente de adquisición Total de préstamos Signatura topográfica completa Código de barras Visto por última vez Precio de reemplazo Tipo de ítem Koha
        Colección de folletos Biblioteca del Ateneo de Madrid Biblioteca del Ateneo de Madrid Depósito folletos 17/01/2008     1492-F-10 1066206 23/02/2023 23/02/2023 Folleto